000 00705nam a2200289Ia 4500
005 20260324133233.0
008 008 260324s9999 xx 000 0 eng d
020 _a9781315190983
037 _aEBOOK
040 _aCRL
040 _beng
040 _cCRL
041 _2eng
041 _aeng
084 _qCRL
100 _aCatherine Anne Ramus
_91192315
245 0 _aEmployee Environmental Innovation in Firms
245 0 _bOrganizational and Managerial Factors
260 _bTaylor and Francis
260 _c2003
365 _a
365 _b130
856 _uhttp://www.taylorfrancis.com/books/9781315190983
942 _cEBOOK
999 _c1791187
_d1791187